Vista normal
Vista MARC
Entrada Personal Name
Número de registros utilizados en: 13
001 - CONTROL NUMBER
- control field: 68
003 - CONTROL NUMBER IDENTIFIER
- control field: DO-SdBNP
005 - DATE AND TIME OF LATEST TRANSACTION
- control field: 20170112111012.0
008 - FIXED-LENGTH DATA ELEMENTS
- fixed length control field: 170112|| aca||aabn | a|a d
040 ## - CATALOGING SOURCE
- Original cataloging agency: DO-SdBNP
100 1# - HEADING--PERSONAL NAME
- Personal name: Perrault, Charles,
- Dates associated with a name: 1628-1703
670 ## - SOURCE DATA FOUND
- Information found: Adaptación de la Editorial Libsa de la obra escrita por el francés Charles Perrault.
- Source citation: Caperucita roja, 2003
670 ## - SOURCE DATA FOUND
- Source citation: Nueva enciclopedia Cumbre, 2005.
- Information found: p. 225 Obra original escrita por Charles Perrault que ha recibido por diferentes adaptaciones y versiones se destacan los hermanos Hermanos Grimmy y diferentes casa editoras.